Geografía por Letra - X - Estadísticas

Estadísticas generales
  • Esta prueba ha sido intentada 1.390 veces
  • La puntuación promedio es 2 de 10
Estadísticas de respuestas
Pista Respuesta % Correcto
La ciudad donde se encuentra el ejército de terracota Xian
66%
Instrumento musical originario del Asia sudoriental Xilófono
57%
Nombre más común para las niñas nacidas en México en 2013 Ximena
37%
Capital del estado mexicano de Veracruz Xalapa
15%
Ciudad portuaria en la costa suroeste de China Xiamen
15%
Ciudad hospitalaria en Ohio Xenia
12%
El sitio de la UNESCO en China que solía ser la capital de verano de Kublai Kan Xanadu
10%
El río más largo de la provincia china de Hunan o el séptimo dialecto chino más común Xiang
9%
Largo río amazónico brasileño Xingu
7%
La ciudad griega que es conocida por su carnaval de primavera anual Xánthi
6%
No se encontraron pruebas coincidentes
Distribución de puntuación
Porcentaje de gente con cada puntuación
Porcentaje por número respondido
Historial de tus puntuaciones
No has intentado esta prueba.